000 00306nam a22001457a 4500
008 221006b ||||| |||| 00| 0 eng d
020 _a0409950068
041 _aeng
080 _a61
082 _a61 WAL
100 _a5
101 _aMEDI
245 _aCLINICAL METHODS
_cWALKER .H.K
942 _2udc
_cBK
999 _c58390
_d58390